|
|
|
|
| LEADER |
03773nam a2200481 4500 |
| 001 |
45805 |
| 003 |
BD-DhAAL |
| 005 |
20260519121424.0 |
| 008 |
260519t2015 enka b 001 0 eng |
| 010 |
|
|
|a 2014006353
|
| 020 |
|
|
|a 9780415717656
|
| 020 |
|
|
|a 9781315871196 (e-book)
|
| 035 |
|
|
|a 18144715
|
| 040 |
|
|
|a DLC
|b eng
|c DLC
|e rda
|d DLC
|d BD-DhAAL
|
| 042 |
|
|
|a pcc
|
| 043 |
|
|
|a a-ja---
|
| 050 |
0 |
0 |
|a HQ682
|b .C66 2015
|
| 082 |
0 |
0 |
|a 306.850952
|2 23
|
| 084 |
|
|
|a HIS021000
|a SOC008000
|a SOC026010
|2 bisacsh
|
| 245 |
0 |
0 |
|a Configurations of family in contemporary Japan /
|c edited by Tomoko Aoyama, Laura Dales and Romit Dasgupta.
|
| 260 |
|
|
|a London ;
|a New York :
|b Routledge, Taylor & Francis Group,
|c 2015.
|
| 300 |
|
|
|a xvi,179 pages ;
|c 24 cm
|
| 490 |
1 |
|
|a The Nissan Institute/Routledge Japanese studies series
|
| 504 |
|
|
|a Includes bibliographical references (pages158 -173) and index.
|
| 520 |
|
|
|a "The middle-class nuclear family model has long dominated discourses on family in Japan. Yet there have always been multiple configurations of family and kinship, which, in the context of significant socio-economic and demographic shifts since the 1990s, have become increasingly visible in public discourse. This book explores the meanings and practices of "family" in Japan, and brings together research by scholars of literature, gender studies, media and cultural studies, sociology and anthropology. While the primary focus is the "Japanese" family, it also examines the experience and practice of family beyond the borders of Japan, in such settings as Brazil, Australia, and Bali. The chapters explore key issues such as ageing, single households, non-heterosexual living arrangements and parenting. Moreover, many of the issues addressed, such as the growing diversity of family, the increase in single-person households, and the implications of an ageing society, are applicable to other mature, late-industrial societies. Employing both multi- and inter-disciplinary approaches, this book combines textual analysis of contemporary television, film, literature, manga, anime and other media with empirical and ethnographic studies of families in Japan and in transnational spaces. As such, it will be of great interest to students and scholars working across a number of fields including Japanese culture and society, sociology of family, gender studies, film and media studies, literature and cultural studies, and gerontology"--
|
| 526 |
8 |
|
|a AAL
|
| 541 |
1 |
|
|a Donated by Embassy of Japan in Bangladesh, Read Japan Project 2025, The Tokyo Foundation, supported by The Nippon Foundation.
|e 45805
|
| 650 |
|
0 |
|a Families
|z Japan.
|9 60548
|
| 650 |
|
0 |
|a Family demography
|z Japan.
|9 60875
|
| 650 |
|
0 |
|a Households
|z Japan.
|9 60876
|
| 650 |
|
0 |
|a Social change
|z Japan.
|9 60544
|
| 650 |
|
7 |
|a HISTORY / Asia / Japan.
|9 60877
|
| 650 |
|
7 |
|a SOCIAL SCIENCE / Ethnic Studies / General.
|9 60878
|
| 650 |
|
7 |
|a SOCIAL SCIENCE / Sociology / Marriage & Family.
|9 60879
|
| 651 |
|
0 |
|a Japan
|x Social conditions
|y 21st century.
|9 60851
|
| 700 |
1 |
|
|a Aoyama, Tomoko.
|9 60880
|
| 700 |
1 |
|
|a Dales, Laura.
|9 60881
|
| 700 |
1 |
|
|a Dasgupta, Romit.
|9 60882
|
| 830 |
|
0 |
|a The Nissan Institute/Routledge Japanese studies series
|9 60883
|
| 852 |
1 |
|
|a Ayesha Abed Library
|c General Stacks
|
| 942 |
|
|
|2 ddc
|c BK
|
| 999 |
|
|
|c 47988
|d 47988
|
| 952 |
|
|
|0 0
|1 0
|2 ddc
|4 0
|6 306_850952000000000_CON
|7 0
|9 79235
|a BRACUL
|b BRACUL
|d 2026-05-19
|e Donated by Embassy of Japan in Bangladesh, Read Japan Project 2025, The Tokyo Foundation, supported by The Nippon Foundation.
|l 0
|o 306.850952 CON
|p 3010045805
|r 2026-05-19
|t 1
|w 2026-05-19
|y BK
|x Donated copy received from Embassy of Japan in Bangladesh, Read Japan Project 2025, The Tokyo Foundation, supported by The Nippon Foundation on 08 April 2026; $219.27
|